[Event "12. Lichtenberger Sommer"]
[Site "Berlin"]
[Date "2013.08.19"]
[Round "3.26"]
[White "Giannino, Domenico"]
[Black "Khorolskyi, Borys"]
[Result "1/2-1/2"]
[WhiteElo "1989"]
[BlackElo "2100"]
[PlyCount "87"]
[EventDate "2013.??.??"]
[WhiteTeam "Spgem Kötz/Ichenhausen"]
[BlackTeam "vereinslos"]

1. e4 c6 2. d4 d5 3. Nc3 dxe4 4. Nxe4 Nd7 5. Bc4 Ngf6 6. Qe2 Nxe4 7. Qxe4 Nf6
8. Qd3 e6 9. Nf3 Be7 10. Bd2 O-O 11. O-O-O b5 12. Bb3 a5 13. c3 Ba6 14. Ne5 c5
15. Bc2 b4 16. Qh3 cxd4 17. Bg5 d3 18. Nxd3 Ne4 19. Be3 bxc3 20. b3 Bg5 21. Nc5
Qe7 22. Bxe4 f5 23. f4 Bxf4 24. Bxf4 Qxc5 25. Bd6 Qf2 26. Bc2 Rfd8 27. Qxc3
Rac8 28. Bc7 Rxd1+ 29. Rxd1 Qxg2 30. Qe5 Qc6 31. Rd6 Qxc7 32. Qxe6+ Kh8 33.
Qxf5 g6 34. Qe5+ Kg8 35. Qd5+ Kh8 36. Qd2 Bb5 37. Kb1 Be8 38. Be4 Bf7 39. Rd7
Qe5 40. Qb2 Re8 41. Rxf7 Qxb2+ 42. Kxb2 Rxe4 43. Rf2 Rh4 44. Kc3 1/2-1/2

[Event "12. Lichtenberger Sommer"]
[Site "Berlin"]
[Date "2013.08.19"]
[Round "3.28"]
[White "Stiemerling, Wilfried"]
[Black "Alten, Silvio"]
[Result "1/2-1/2"]
[WhiteElo "2158"]
[BlackElo "1887"]
[PlyCount "157"]
[EventDate "2013.??.??"]
[WhiteTeam "BSG Pneumant Fürstenwalde e.V."]
[BlackTeam "Treptower SV 1949 e.V."]

1. d4 d5 2. c4 e6 3. Nc3 Nf6 4. Bg5 Be7 5. e3 c6 6. Nf3 O-O 7. Bd3 h6 8. Bh4
dxc4 9. Bxc4 b5 10. Be2 Nbd7 11. Rc1 a6 12. O-O Bb7 13. a3 c5 14. dxc5 Nxc5 15.
b4 Nce4 16. Qxd8 Rfxd8 17. Nd4 g5 18. Bg3 Nxg3 19. hxg3 Nd7 20. Nb3 Rac8 21.
Na5 Ba8 22. Nb1 Nb6 23. Bf3 Bxf3 24. gxf3 Nc4 25. Nxc4 bxc4 26. Rc2 Rd3 27.
Rfc1 Rb3 28. Rc3 Rb2 29. Kf1 a5 30. bxa5 Rcb8 31. Rxc4 Rxb1 32. Rc8+ Rxc8 33.
Rxb1 Ra8 34. Rb5 Bxa3 35. Ke2 Bd6 36. a6 Rxa6 37. Kf1 Rc6 38. Kg2 Kg7 39. g4
Kg6 40. Ra5 Bb4 41. Rb5 Be1 42. Rb1 Bd2 43. Rb2 Ba5 44. Rb5 Bc7 45. Rb2 Rc4 46.
Kh3 h5 47. gxh5+ Kxh5 48. Kg2 Bd6 49. Rb5 Rc5 50. Rb6 Bc7 51. Rb2 g4 52. fxg4+
Kxg4 53. Rb4+ Kh5 54. Kf3 Bd6 55. Rb7 Rf5+ 56. Ke2 Kg4 57. Rb1 Kh3 58. Rg1 Kh2
59. Rg7 Be7 60. Kf1 Bh4 61. f4 Kh3 62. Ke2 f6 63. Kf3 Rc5 64. Ke2 Rc2+ 65. Kd3
Rc6 66. Ke2 Rd6 67. Rg6 Ra6 68. Rg7 Ra2+ 69. Kd3 f5 70. Rg6 Ra6 71. Ke2 Bd8 72.
Kf3 Bh4 73. Ke2 Rb6 74. Kd3 Bg3 75. e4 Bxf4 76. exf5 Rd6+ 77. Ke4 exf5+ 78.
Kxf5 Rxg6 79. Kxg6 1/2-1/2

[Event "12. Lichtenberger Sommer"]
[Site "Berlin"]
[Date "2013.08.19"]
[Round "3.29"]
[White "Heuser, Philip"]
[Black "Bieg, Pascal"]
[Result "1-0"]
[WhiteElo "2123"]
[BlackElo "1859"]
[PlyCount "135"]
[EventDate "2013.??.??"]
[WhiteTeam "SG Heidelberg-Kirchheim"]
[BlackTeam "SC Kreuzberg e.V."]

1. d4 Nf6 2. c4 g6 3. g3 Bg7 4. Bg2 O-O 5. Nc3 d6 6. Nf3 Nc6 7. O-O a6 8. Re1
Re8 9. d5 Na5 10. Qd3 c5 11. h3 b5 12. cxb5 axb5 13. Qxb5 Ba6 14. Qa4 Nc4 15.
e4 Nd7 16. Qc2 Nde5 17. Nh2 Na5 18. Rd1 c4 19. Be3 Nb7 20. b4 cxb3 21. axb3 Bd3
22. Qd2 Na5 23. Qa2 Ra6 24. Bd4 Nac6 25. Qxa6 Bxa6 26. dxc6 Bc8 27. Bxe5 Bxe5
28. Rac1 Bxc3 29. Rxc3 Qb6 30. Nf1 Be6 31. Ne3 Rc8 32. Nd5 Bxd5 33. exd5 Kg7
34. Rdc1 Rc7 35. Re1 Kf8 36. Rce3 Qa5 37. Bf3 h5 38. h4 Qa7 39. Kg2 Qa5 40. Kg1
Qb6 41. Rd1 Ra7 42. Rc1 Kg7 43. Bg2 Kf8 44. Bh3 f5 45. Bg2 Kf7 46. Rec3 Rc7 47.
Rb1 Qd4 48. Rc4 Qd3 49. Rb2 Qd1+ 50. Kh2 Qe1 51. b4 e5 52. b5 e4 53. b6 Re7 54.
b7 e3 55. Rf4 e2 56. b8=Q Qd1 57. Rxe2 Rxe2 58. Qxd6 Qe1 59. c7 Rxf2 60. Qe6+
Kg7 61. Qxe1 g5 62. Qe7+ Kg6 63. Qxg5+ Kh7 64. Qxh5+ Kg7 65. Qg5+ Kh7 66. Qxf5+
Kg7 67. Rg4+ Kh6 68. Qg6# 1-0

[Event "12. Lichtenberger Sommer"]
[Site "Berlin"]
[Date "2013.08.19"]
[Round "3.30"]
[White "Eichler, Jan-Christoph"]
[Black "Albrecht, Rainer"]
[Result "1/2-1/2"]
[WhiteElo "2012"]
[BlackElo "2112"]
[PlyCount "40"]
[EventDate "2013.??.??"]
[WhiteTeam "Schachclub Oranienburg e.V."]
[BlackTeam "SC Kreuzberg e.V."]

1. e4 e6 2. d3 d5 3. Nd2 Nf6 4. Ngf3 Bc5 5. e5 Nfd7 6. d4 Be7 7. Bd3 c5 8. c3
Nc6 9. O-O a5 10. Re1 a4 11. Nf1 cxd4 12. cxd4 Nb6 13. Bf4 Bd7 14. Rc1 Nc4 15.
Bxc4 dxc4 16. Rxc4 Nb4 17. a3 Nd5 18. Bg3 O-O 19. Ne3 Bb5 20. Rc1 Bc6 1/2-1/2

[Event "12. Lichtenberger Sommer"]
[Site "Berlin"]
[Date "2013.08.19"]
[Round "3.31"]
[White "Schröter, Maik"]
[Black "Kollberg, Lothar"]
[Result "0-1"]
[WhiteElo "1856"]
[BlackElo "2214"]
[PlyCount "65"]
[EventDate "2013.??.??"]
[WhiteTeam "SG Blau-Weiß Stadtilm"]
[BlackTeam "SC Rotation Pankow e.V."]

1. e4 g6 2. d4 Bg7 3. c3 d6 4. Bc4 Nf6 5. Qe2 c6 6. Nf3 O-O 7. e5 Nd5 8. O-O h6
9. Re1 Be6 10. Nh4 dxe5 11. dxe5 Nd7 12. Bxd5 Bxd5 13. c4 e6 14. Qg4 h5 15. Qf4
g5 16. Qxg5 Qxg5 17. Bxg5 Bxc4 18. Nf3 Bd5 19. Bf4 f6 20. Nbd2 fxe5 21. Bxe5
Nxe5 22. Nxe5 Rf5 23. Nec4 Raf8 24. f3 Rg5 25. Kh1 b5 26. h4 Rgf5 27. Ne3 Rf4
28. g3 Bxf3+ 29. Kh2 Rd4 30. Nb3 Rd3 31. Nc1 Rd2+ 32. Kh3 Bxb2 33. Nb3 0-1

[Event "12. Lichtenberger Sommer"]
[Site "Berlin"]
[Date "2013.08.19"]
[Round "3.32"]
[White "Lassan, Christian"]
[Black "Barwich, Andreas"]
[Result "1-0"]
[WhiteElo "2102"]
[BlackElo "1935"]
[PlyCount "63"]
[EventDate "2013.??.??"]
[WhiteTeam "BSV 63 Chemie Weißensee"]
[BlackTeam "SV Berolina Mitte e.V."]

1. Nf3 c5 2. e3 Nc6 3. c4 d6 4. b3 e5 5. d3 f5 6. Be2 e4 7. dxe4 fxe4 8. Nfd2
Qf6 9. Nxe4 Qxa1 10. Nec3 Nb4 11. Qd2 Bf5 12. Bb2 Nc2+ 13. Qxc2 Bxc2 14. Bxa1
Bxb1 15. Nxb1 Nf6 16. Bf3 O-O-O 17. g4 Be7 18. g5 Nd7 19. h4 Ne5 20. Be4 h5 21.
f4 Ng4 22. Ke2 Rhe8 23. Nc3 Bf8 24. Bf5+ Kc7 25. Nd5+ Kc6 26. Bg6 Re6 27. Bxh5
Nh6 28. gxh6 Rxh6 29. Bf3 Kd7 30. h5 Re8 31. Rg1 g6 32. Nf6+ 1-0

[Event "12. Lichtenberger Sommer"]
[Site "Berlin"]
[Date "2013.08.19"]
[Round "3.33"]
[White "Reiche, Andreas"]
[Black "Millward, Kevin P"]
[Result "0-1"]
[WhiteElo "1940"]
[BlackElo "1920"]
[PlyCount "66"]
[EventDate "2013.??.??"]
[WhiteTeam "SV Berolina Mitte e.V."]
[BlackTeam "Athenaeum Chess Club London"]

1. e4 g6 2. f4 Bg7 3. Nf3 d6 4. Be2 Nd7 5. Nc3 a6 6. d3 b5 7. a3 Bb7 8. Be3
Ngf6 9. O-O Ng4 10. Bd2 c5 11. h3 Ngf6 12. e5 Nd5 13. Nxd5 Bxd5 14. c4 Bc6 15.
Bc3 b4 16. axb4 cxb4 17. Bd4 dxe5 18. fxe5 Nxe5 19. Be3 Nxf3+ 20. Bxf3 Bxf3 21.
Qa4+ Qd7 22. Rxf3 Bxb2 23. Qxd7+ Kxd7 24. Rb1 Bc3 25. Rxf7 Raf8 26. Rf2 Rxf2
27. Kxf2 e5 28. Kf3 Kc6 29. Ke4 Rf8 30. g3 a5 31. Bh6 Rf2 32. Be3 Rf7 33. Bg5
a4 0-1

[Event "12. Lichtenberger Sommer"]
[Site "Berlin"]
[Date "2013.08.19"]
[Round "3.34"]
[White "Kurbel, Horst-Peter"]
[Black "Nötzel, Felix"]
[Result "1/2-1/2"]
[WhiteElo "1845"]
[BlackElo "2076"]
[PlyCount "141"]
[EventDate "2013.??.??"]
[WhiteTeam "FC Bayern München e.V."]
[BlackTeam "Sfrd. Berlin 1903 e.V."]

1. d4 Nf6 2. c4 e5 3. dxe5 Ne4 4. a3 d6 5. Nf3 Nc6 6. Nbd2 Nxd2 7. Bxd2 dxe5 8.
Bc3 Qe7 9. e4 g6 10. Be2 Bg7 11. O-O O-O 12. Qc2 Nd4 13. Nxd4 exd4 14. Bd2 c5
15. f4 b6 16. Qd3 Bb7 17. Bf3 Rfe8 18. Rae1 Qc7 19. a4 a6 20. e5 Bxf3 21. Qxf3
Rab8 22. b3 b5 23. Rb1 Qd7 24. Qd3 bxa4 25. bxa4 Qxa4 26. Ra1 Qb3 27. Qxb3 Rxb3
28. Rxa6 Rb2 29. Rd1 Rc2 30. Ra4 Rb8 31. Kf1 Rbb2 32. Ke1 g5 33. Ra8+ Bf8 34.
f5 h6 35. h4 Ra2 36. Rxa2 Rxa2 37. hxg5 hxg5 38. g4 Be7 39. f6 Bd8 40. Kf1 Bc7
41. Bxg5 Bxe5 42. Rd2 Rxd2 43. Bxd2 Bxf6 44. Ke2 Kh7 45. Kd3 Kg6 46. Ke4 Bg5
47. Ba5 Bc1 48. Bd8 f6 49. Be7 Ba3 50. Kd3 Kf7 51. Bd6 Ke6 52. Bf8 Kd7 53. Bg7
Ke7 54. Bh6 Bb4 55. Bf4 Ba5 56. Ke4 Kd7 57. Bh6 Bd8 58. Bf4 Kc6 59. Bd2 Kd6 60.
Bf4+ Ke6 61. Kd3 Be7 62. Bc1 Ke5 63. Bd2 Bd8 64. Bc1 Ba5 65. Bh6 Bb4 66. Bc1
Be1 67. Ba3 Bb4 68. Bc1 Be1 69. Ba3 Kd6 70. Ke4 Kc6 71. Kd3 1/2-1/2

[Event "12. Lichtenberger Sommer"]
[Site "Berlin"]
[Date "2013.08.19"]
[Round "3.35"]
[White "Prix, Siegfried"]
[Black "Kornrumpf, Joachim"]
[Result "0-1"]
[WhiteElo "1803"]
[BlackElo "2084"]
[PlyCount "82"]
[EventDate "2013.??.??"]
[WhiteTeam "Sfrd. Berlin 1903 e.V."]
[BlackTeam "Preetzer TSV"]

1. e4 c5 2. c4 e6 3. Nf3 d6 4. d4 cxd4 5. Nxd4 a6 6. Nc3 Nf6 7. Be2 Be7 8. Be3
Qc7 9. O-O Nbd7 10. f4 b6 11. Rc1 Bb7 12. Qc2 Rc8 13. b3 O-O 14. Bf3 Qb8 15.
Qf2 Nc5 16. Qc2 Rfd8 17. Qb1 Bf8 18. Rfd1 g6 19. f5 Re8 20. fxe6 fxe6 21. Bg5
Bg7 22. Nde2 Rcd8 23. Ng3 Ncd7 24. Bf4 Bf8 25. Rd2 Qc7 26. Rcd1 Qc5+ 27. Kh1
Ne5 28. Na4 Qc7 29. Be3 Nfd7 30. Bg5 Rc8 31. Be3 b5 32. cxb5 axb5 33. Nb2 Nxf3
34. gxf3 d5 35. Rd3 Ne5 36. Bf4 Bd6 37. Rc1 Qf7 38. Bxe5 Bxe5 39. exd5 Bxd5 40.
Ne4 Qf4 41. Rc2 Bxe4 0-1

[Event "12. Lichtenberger Sommer"]
[Site "Berlin"]
[Date "2013.08.19"]
[Round "3.36"]
[White "Thorarinsson, Pall A"]
[Black "Wierzbicki, Jirawat"]
[Result "1-0"]
[WhiteElo "2222"]
[BlackElo "1725"]
[PlyCount "53"]
[EventDate "2013.??.??"]
[WhiteTeam "Athenaeum Chess Club London"]
[BlackTeam "TuS Makkabi Berlin e.V."]

1. e4 e5 2. Nf3 Nc6 3. d4 exd4 4. Bc4 Nf6 5. e5 d5 6. Bb5 Ne4 7. Nxd4 Bd7 8.
Bxc6 bxc6 9. O-O Bc5 10. f3 Ng5 11. f4 Ne4 12. Be3 Qb8 13. Nc3 Nxc3 14. bxc3
Bb6 15. f5 c5 16. e6 cxd4 17. exd7+ Kxd7 18. Bxd4 Bxd4+ 19. cxd4 Qb6 20. Rb1
Qa6 21. Qg4 Qf6 22. Rb5 c6 23. Rb7+ Ke8 24. Qf4 Rc8 25. Re1+ Kf8 26. Rb8 Rd8
27. Qc7 1-0

[Event "12. Lichtenberger Sommer"]
[Site "Berlin"]
[Date "2013.08.19"]
[Round "3.37"]
[White "Brüning, Wolfgang"]
[Black "Friedrich, Wiede"]
[Result "0-1"]
[WhiteElo "1962"]
[BlackElo "2253"]
[PlyCount "52"]
[EventDate "2013.??.??"]
[WhiteTeam "Queer-Springer SSV Berlin"]
[BlackTeam "USV Potsdam e.V., Abt. Schach"]

1. Nf3 Nf6 2. d4 e6 3. e3 b6 4. Bd3 Bb7 5. O-O d5 6. b3 Ne4 7. Nfd2 Bd6 8. Bxe4
dxe4 9. Qg4 O-O 10. Ba3 Bxa3 11. Nxa3 c5 12. c3 e5 13. Nc2 f5 14. Qh5 g6 15.
Qd1 f4 16. Nc4 f3 17. Nxe5 Qh4 18. Kh1 Rf5 19. g4 Rg5 20. Ne1 h5 21. Qd2 hxg4
22. Rg1 Nc6 23. Rg3 Rd8 24. Nxc6 Bxc6 25. c4 Qh8 26. Nc2 Rh5 0-1

[Event "12. Lichtenberger Sommer"]
[Site "Berlin"]
[Date "2013.08.19"]
[Round "3.38"]
[White "Boetzer, Detlef"]
[Black "Graf, Anton"]
[Result "1-0"]
[WhiteElo "2275"]
[BlackElo "1830"]
[PlyCount "87"]
[EventDate "2013.??.??"]
[WhiteTeam "SC Rotation Pankow e.V."]
[BlackTeam "OSG Baden-Baden"]

1. d4 d5 2. c4 c6 3. Nf3 Nf6 4. e3 Bf5 5. Nc3 e6 6. Nh4 Be4 7. f3 Nh5 8. g3 Bg6
9. Qb3 Qc7 10. g4 Nf6 11. g5 Nh5 12. Bd2 Bd6 13. f4 h6 14. Nxg6 fxg6 15. Rg1
hxg5 16. Rxg5 Nxf4 17. exf4 Rxh2 18. Ne2 Be7 19. Re5 Bh4+ 20. Kd1 Kf7 21. Kc2
Nd7 22. Re3 c5 23. Rh3 dxc4 24. Qxc4 Rxh3 25. Bxh3 Qc6 26. Nc3 Nb6 27. Qxc5 Qd7
28. d5 Nxd5 29. Qxd5 Qxd5 30. Nxd5 exd5 31. Kd3 Re8 32. Rc1 Bd8 33. Bg2 d4 34.
Bxb7 Rh8 35. Rh1 Rh5 36. Bf3 Rb5 37. b3 Bb6 38. Rg1 Rf5 39. Be4 Rf6 40. a4 Bc7
41. Rg4 Rd6 42. b4 a6 43. Rg5 Bb6 44. Rd5 1-0

[Event "12. Lichtenberger Sommer"]
[Site "Berlin"]
[Date "2013.08.19"]
[Round "3.39"]
[White "Revinelli, Sergio"]
[Black "Kohler, Thomas"]
[Result "0-1"]
[WhiteElo "1829"]
[BlackElo "2263"]
[PlyCount "55"]
[EventDate "2013.??.??"]
[WhiteTeam "C.S. Veduggio"]
[BlackTeam "SC Zitadelle Spandau 1977 e.V."]

1. e4 c5 2. Nf3 d6 3. d4 cxd4 4. Nxd4 Nf6 5. Nc3 a6 6. Be2 e5 7. Nb3 Be7 8. a4
O-O 9. O-O b6 10. f4 Bb7 11. Bf3 Nbd7 12. Re1 Rc8 13. Qe2 Qc7 14. Be3 Rfe8 15.
f5 d5 16. exd5 e4 17. Bxe4 Bd6 18. Bf3 Bxh2+ 19. Kh1 Bg3 20. d6 Bxd6 21. Bxb7
Qxb7 22. Qd3 Bg3 23. Rf1 Ne5 24. Qd1 Nfg4 25. Qd5 Qe7 26. f6 Nxf6 27. Qd2 Ne4
28. Bg5 0-1

[Event "12. Lichtenberger Sommer"]
[Site "Berlin"]
[Date "2013.08.19"]
[Round "3.40"]
[White "Bender, Sebastian"]
[Black "Niehaus, Frank"]
[Result "0-1"]
[WhiteElo "1921"]
[BlackElo "2208"]
[PlyCount "108"]
[EventDate "2013.??.??"]
[WhiteTeam "SC Zugzwang 95 e.V."]
[BlackTeam "SK König Tegel 1949 e.V."]

1. e4 c5 2. Nf3 d6 3. d4 cxd4 4. Nxd4 Nf6 5. Nc3 g6 6. Be3 Bg7 7. f3 O-O 8. Qd2
Nc6 9. O-O-O d5 10. exd5 Nxd5 11. Nxc6 bxc6 12. Bd4 e5 13. Bc5 Be6 14. Ne4 Re8
15. h4 h6 16. g4 Qc7 17. g5 h5 18. Bc4 Red8 19. Qf2 Rd7 20. Ba3 Nf4 21. Rxd7
Qxd7 22. Rd1 Bd5 23. Bb3 Qh3 24. c4 Bxe4 25. fxe4 Nd3+ 26. Rxd3 Qxd3 27. Qc2
Qxc2+ 28. Kxc2 Bf8 29. c5 Kg7 30. Ba4 Rc8 31. b4 f6 32. Bb2 Be7 33. Kd3 fxg5
34. hxg5 Bxg5 35. Bxe5+ Bf6 36. Bd6 g5 37. e5 Bd8 38. Bb3 a5 39. e6 Kf6 40.
bxa5 Ra8 41. Ke4 Rxa5 42. Be5+ Kg6 43. Bd6 Ra7 44. Be5 h4 45. Bd6 g4 46. Kf4 g3
47. Kf3 Kf5 48. Kg2 Kf6 49. Kh3 Rg7 50. Kg2 h3+ 51. Kh1 Kf5 52. a4 Bf6 53. Bf8
g2+ 54. Kg1 Bd4+ 0-1

[Event "12. Lichtenberger Sommer"]
[Site "Berlin"]
[Date "2013.08.19"]
[Round "3.43"]
[White "Burger, Heinrich"]
[Black "Kuckel, Andreas"]
[Result "1-0"]
[WhiteElo "2120"]
[BlackElo "1937"]
[PlyCount "59"]
[EventDate "2013.??.??"]
[WhiteTeam "VfB Hermsdorf e.V."]
[BlackTeam "SV Motor Wildau e.V."]

1. d4 e6 2. Nf3 c5 3. c4 cxd4 4. Nxd4 Qc7 5. e3 a6 6. Nc3 Nf6 7. Be2 Be7 8. O-O
O-O 9. Bd2 d6 10. Rc1 Nc6 11. Nc2 Ne5 12. b3 b6 13. f4 Ned7 14. Bf3 Bb7 15. e4
Nc5 16. Qe2 Rfd8 17. Nd4 e5 18. Nf5 Ne6 19. Nd5 Nxd5 20. cxd5 Qd7 21. dxe6 Qxe6
22. Rc7 Rd7 23. Rxd7 Qxd7 24. fxe5 dxe5 25. Nxe7+ Qxe7 26. Be3 Qb4 27. Qf2 f6
28. Bxb6 Rc8 29. h3 Bxe4 30. a3 1-0

[Event "12. Lichtenberger Sommer"]
[Site "Berlin"]
[Date "2013.08.19"]
[Round "3.44"]
[White "Godoj, Veit"]
[Black "Ritter, Uwe"]
[Result "0-1"]
[WhiteElo "2045"]
[BlackElo "1991"]
[PlyCount "32"]
[EventDate "2013.??.??"]
[WhiteTeam "SV Königsjäger Süd-West e.V."]
[BlackTeam "Reideburger SV 90 Halle"]

1. d4 d5 2. c4 c6 3. Nf3 e6 4. Nc3 Bd6 5. g3 f5 6. Bg2 Nf6 7. O-O O-O 8. Bf4
Ne4 9. Bxd6 Qxd6 10. e3 Nd7 11. Qd3 Kh8 12. Rac1 Ndf6 13. Ne5 Bd7 14. f3 Nxc3
15. c5 Ne2+ 16. Qxe2 Be8 0-1

[Event "12. Lichtenberger Sommer"]
[Site "Berlin"]
[Date "2013.08.19"]
[Round "3.45"]
[White "Schildt, Rene"]
[Black "Georgi, David"]
[Result "1-0"]
[WhiteElo "2053"]
[BlackElo "1696"]
[PlyCount "57"]
[EventDate "2013.??.??"]
[WhiteTeam "SC Zugzwang 95 e.V."]
[BlackTeam "BSG Pneumant Fürstenwalde e.V."]

1. Nf3 c5 2. c4 g6 3. g3 b6 4. Bg2 Bb7 5. O-O Bg7 6. Nc3 Nf6 7. d3 O-O 8. Rb1
Na6 9. Bg5 Nc7 10. Qd2 Re8 11. Bh6 Bh8 12. h3 Rc8 13. e4 d6 14. Ng5 Nd7 15. f4
Ba8 16. f5 Ne5 17. fxg6 hxg6 18. Rbd1 Qd7 19. Kh2 Ne6 20. Nxe6 Qxe6 21. Ne2 Bg7
22. b3 Rb8 23. Bxg7 Kxg7 24. Nf4 Qd7 25. d4 Nc6 26. Nh5+ gxh5 27. Qg5+ Kh8 28.
Qxh5+ Kg8 29. Rxf7 1-0

[Event "12. Lichtenberger Sommer"]
[Site "Berlin"]
[Date "2013.08.19"]
[Round "3.46"]
[White "Penner, Markus"]
[Black "Hörmann, David"]
[Result "0-1"]
[WhiteElo "2026"]
[BlackElo "1907"]
[PlyCount "137"]
[EventDate "2013.??.??"]
[WhiteTeam "SK Zehlendorf e.V."]
[BlackTeam "SC Weisse Dame e.V."]

1. e4 c5 2. c3 d5 3. exd5 Qxd5 4. d4 Nc6 5. Nf3 Bg4 6. Be2 e6 7. Be3 cxd4 8.
cxd4 Bb4+ 9. Nc3 Nf6 10. O-O Qd7 11. h3 Bh5 12. a3 Be7 13. Qd2 O-O 14. Rfd1 Nd5
15. Ne5 Nxe5 16. dxe5 Bxe2 17. Nxe2 Qc7 18. Bd4 b6 19. Rac1 Qb7 20. Nc3 Nxc3
21. Rxc3 Rac8 22. Rdc1 h6 23. Qc2 Rxc3 24. Qxc3 Rd8 25. Be3 Kh7 26. Qc2+ g6 27.
Qc7 Rd7 28. Qxb7 Rxb7 29. Rc8 Rd7 30. Kf1 Bd8 31. Ke2 Kg7 32. f4 g5 33. g3 Kg6
34. Kf3 gxf4 35. gxf4 Kf5 36. Rc2 Be7 37. Rd2 Rxd2 38. Bxd2 b5 39. Bc3 a6 40.
Bb4 Bd8 41. b3 a5 42. Bf8 a4 43. bxa4 bxa4 44. Bc5 Ba5 45. Bd4 Bd2 46. Be3 Bc3
47. Bc1 Bd4 48. Kg3 Kg6 49. Kf3 Kf5 50. Kg3 h5 51. Kh4 Kg6 52. Kg3 Bc3 53. Kf3
Kf5 54. Ke3 Be1 55. Kf3 Bc3 56. Ke3 f6 57. exf6 Bxf6 58. Kf3 Be7 59. Bb2 Bd6
60. Bc1 h4 61. Bb2 Bxf4 62. Bc3 Bd6 63. Bb2 e5 64. Bc1 Bc5 65. Bb2 e4+ 66. Kg2
Kf4 67. Bc1+ e3 68. Kf1 Kf3 69. Ke1 0-1

[Event "12. Lichtenberger Sommer"]
[Site "Berlin"]
[Date "2013.08.19"]
[Round "3.47"]
[White "Badestein, Hartmut"]
[Black "Zenkner, Christian"]
[Result "1-0"]
[WhiteElo "2083"]
[BlackElo "1909"]
[PlyCount "127"]
[EventDate "2013.??.??"]
[WhiteTeam "SC Friesen Lichtenberg e.V."]
[BlackTeam "SV Bad Bentheim"]

1. e4 d5 2. exd5 Qxd5 3. Nf3 Nf6 4. d4 Bg4 5. Be2 e6 6. c4 Qh5 7. Qb3 b6 8. Bf4
Bd6 9. Bxd6 cxd6 10. Qa3 Qa5+ 11. Qxa5 bxa5 12. Nc3 Nc6 13. h3 Bh5 14. Rd1 O-O
15. O-O Ne7 16. Rd2 Bg6 17. Rc1 Rfd8 18. Nh4 Be4 19. Nxe4 Nxe4 20. Rd3 Rab8 21.
Rc2 Rb4 22. Re3 Nf6 23. Ra3 Nc6 24. Nf3 Rdb8 25. d5 exd5 26. cxd5 Rxb2 27. Rxb2
Rxb2 28. dxc6 Rxe2 29. Nd4 Re7 30. Rxa5 Ne8 31. Rb5 Rc7 32. Rb7 g6 33. a4 a6
34. Rb6 Ra7 35. Rb7 Ra8 36. Kf1 Kg7 37. Ke2 Kf6 38. Ke3 Ng7 39. Rd7 Ne8 40. c7
Rc8 41. Rd8 Rxc7 42. Rxe8 Rc3+ 43. Ke4 Ra3 44. Kd5 Rxa4 45. Re2 Ra3 46. Kxd6 a5
47. Kc5 Rd3 48. Ra2 a4 49. Kc4 Rd1 50. Nb5 Kg5 51. Nc3 Rg1 52. g3 Rh1 53. Rxa4
Rxh3 54. Kd3 h5 55. Ra5+ Kg4 56. Ra4+ Kg5 57. Ke2 Rh1 58. Nd5 Rb1 59. Ra7 Rb2+
60. Ke3 Rb3+ 61. Ke2 Rb2+ 62. Kf3 Rb3+ 63. Kg2 Rd3 64. Nf4 1-0

[Event "12. Lichtenberger Sommer"]
[Site "Berlin"]
[Date "2013.08.19"]
[Round "3.48"]
[White "Getzuhn, Detlef"]
[Black "Strobel, Norbert"]
[Result "0-1"]
[WhiteElo "1903"]
[BlackElo "2048"]
[PlyCount "30"]
[EventDate "2013.??.??"]
[WhiteTeam "SV Senat"]
[BlackTeam "SV Koblenz 03/25"]

1. e4 c6 2. d4 d5 3. e5 Bf5 4. g4 Bg6 5. h4 h5 6. g5 e6 7. Nh3 Bf5 8. Bd3 Bxd3
9. Qxd3 g6 10. Bd2 Qb6 11. Bc3 c5 12. Nd2 Nc6 13. dxc5 Bxc5 14. Nb3 Nge7 15.
O-O-O Nf5 0-1

[Event "12. Lichtenberger Sommer"]
[Site "Berlin"]
[Date "2013.08.19"]
[Round "3.49"]
[White "Sabrowski, Uwe"]
[Black "Roth, Joachim"]
[Result "1-0"]
[WhiteElo "2114"]
[BlackElo "1923"]
[PlyCount "37"]
[EventDate "2013.??.??"]
[WhiteTeam "SC Friesen Lichtenberg e.V."]
[BlackTeam "SG Bund"]

1. d4 d5 2. Nf3 Nf6 3. c4 e6 4. Bg5 c5 5. e3 Nc6 6. Nc3 Be7 7. Be2 O-O 8. O-O
cxd4 9. exd4 a6 10. a3 dxc4 11. Bxc4 b5 12. Ba2 Bb7 13. Qd3 Nd5 14. Ne4 Bxg5
15. Nfxg5 g6 16. Qh3 h5 17. Nxe6 fxe6 18. Qxe6+ Kg7 19. Bxd5 1-0

[Event "12. Lichtenberger Sommer"]
[Site "Berlin"]
[Date "2013.08.19"]
[Round "3.50"]
[White "Steiner, Wolfram"]
[Black "Korell, Klaus-Peter"]
[Result "1-0"]
[WhiteElo "1978"]
[BlackElo "1960"]
[PlyCount "87"]
[EventDate "2013.??.??"]
[WhiteTeam "SG Lasker Steglitz-Wilmersdorf"]
[BlackTeam "SG TT/Wiheil"]

1. e4 e6 2. d3 d5 3. Nd2 c5 4. Ngf3 Nc6 5. g3 Nf6 6. Bg2 Bd6 7. O-O O-O 8. Re1
dxe4 9. dxe4 Be7 10. e5 Nd5 11. c3 f6 12. exf6 Bxf6 13. Ne4 Qe7 14. Bg5 h6 15.
Bxf6 Nxf6 16. Nh4 Rd8 17. Qe2 Nxe4 18. Bxe4 Qf6 19. Rad1 Bd7 20. Rd6 Qe7 21.
Rd3 Re8 22. Re3 Qf6 23. Bc2 Ne7 24. Qh5 Qg5 25. Qxg5 hxg5 26. Nf3 Nd5 27. Re5
g4 28. Ng5 Nc7 29. Bd1 Rad8 30. Bxg4 b6 31. Bh5 Re7 32. Bg6 Rf8 33. Bh7+ Kh8
34. Bc2 Rf6 35. h4 Rh6 36. Nh3 Kg8 37. Nf4 Kf7 38. h5 Rf6 39. Bg6+ Kf8 40. Nh3
Be8 41. Nf4 Kg8 42. Bc2 Kf8 43. Bb3 Bd7 44. Ng6+ 1-0

[Event "12. Lichtenberger Sommer"]
[Site "Berlin"]
[Date "2013.08.19"]
[Round "3.51"]
[White "Werner, Justus"]
[Black "Becker, Jared"]
[Result "1/2-1/2"]
[WhiteElo "1737"]
[BlackElo "2038"]
[PlyCount "59"]
[EventDate "2013.??.??"]
[WhiteTeam "SG Blau-Weiß Stadtilm"]
[BlackTeam "SC Tarrasch 45 München"]

1. c4 g6 2. g3 Bg7 3. Bg2 d6 4. Nc3 e5 5. e3 Ne7 6. Nge2 O-O 7. O-O c6 8. d4
Qc7 9. b3 a5 10. Bb2 f5 11. Qc2 Nd7 12. Rad1 e4 13. d5 Ne5 14. Nf4 g5 15. Nh5
Bh8 16. Ba3 c5 17. Nb5 Qb6 18. Bb2 Bd7 19. Bxe5 Bxe5 20. a4 Bxb5 21. axb5 a4
22. bxa4 Qa5 23. f3 exf3 24. Rxf3 Qxa4 25. Rd2 Qb4 26. Bf1 Ra3 27. Rdf2 Rc3 28.
Qe2 g4 29. Rxf5 Rxf5 30. Qxg4+ 1/2-1/2

[Event "12. Lichtenberger Sommer"]
[Site "Berlin"]
[Date "2013.08.19"]
[Round "3.53"]
[White "Poseck, Steffen"]
[Black "Landt, Stefan"]
[Result "1-0"]
[WhiteElo "2044"]
[BlackElo "1929"]
[PlyCount "130"]
[EventDate "2013.??.??"]
[WhiteTeam "BSV 63 Chemie Weißensee"]
[BlackTeam "SV Berolina Mitte e.V."]

1. d4 Nf6 2. c4 e6 3. Nc3 d5 4. cxd5 exd5 5. Bf4 c6 6. e3 Bd6 7. Bxd6 Qxd6 8.
Bd3 O-O 9. Qc2 Re8 10. h3 Nbd7 11. Nf3 a5 12. O-O b6 13. e4 dxe4 14. Nxe4 Qd5
15. Neg5 Ba6 16. Nxh7 Bxd3 17. Nxf6+ Nxf6 18. Qxd3 Re6 19. Rfe1 Rae8 20. Rxe6
Rxe6 21. g4 c5 22. Qf5 Qxf5 23. gxf5 Re2 24. dxc5 bxc5 25. Rc1 Ne4 26. Re1
Rxe1+ 27. Nxe1 Nd2 28. Nd3 c4 29. Nc5 Kf8 30. Nb7 a4 31. Nc5 a3 32. bxa3 Ke7
33. f6+ Kxf6 34. a4 Ke5 35. a5 c3 36. Nd3+ Kd4 37. Nb4 Kc5 38. a3 Nc4 39. a6
Nb6 40. Kf1 Kc4 41. Ke2 Na8 42. a7 Nc7 43. h4 Na8 44. Ke3 Nc7 45. Ke4 Na8 46.
Ke5 Kb3 47. Kd5 Kxa3 48. Nc2+ Kb3 49. Ne3 Kb4 50. Kc6 Ka5 51. Kb7 Nb6 52. h5
Kb5 53. f4 Kc5 54. f5 f6 55. Kc7 Na8+ 56. Kb8 Nb6 57. Kb7 Kb5 58. Nc4 Nxc4 59.
a8=Q Na5+ 60. Kc7 Kb4 61. Qf8+ Kb3 62. Qxg7 c2 63. Qg1 Nc4 64. h6 Ne5 65. h7
Nf7 1-0